000
00282nam a2200121Ia 4500
008
190216s9999||||xx |||||||||||||| ||und||
100
_a
Abdullah Yusuf Ali
245
4
_a
The Holy Qur`An 2
260
_b
Indian Open University Books
300
_a
1863p
650
_a
Arabic
942
_c
BK
999
_c
313
_d
313